Archie & Friends #117 /

"Archie World Tour," Part 1 of 4: Double-A Seven. When Archie and friends embark on a whirlwind world tour, their first stop is London, where they soon find themselves embroiled in an international spy mystery! This is the first Archie Comics story by acclaimed writer and children's a...

Full description

Bibliographic Details
Corporate Author: Library Pass, LLC
Other Authors: Simmons, Alex (writer.)
Format: eBook
Language:English
Published: [United States] : Archie Comics, 2014.
Subjects:
Online Access:Connect to this electronic book (First time users create your free account)

MARC

Tag First Indicator Second Indicator Subfields
LEADER 00000nmm a22000001a 4500
001 in00004628607
006 m|||||o||m||||||||
007 cr|cn |||uuuuu
008 221118s2014 xxu||||do|||| ||||||eng d
005 20221207222004.5
035 |a (TxWaIVM)IV47353ArAr 
040 |a TxWaIVM  |c TxWaIVM 
245 0 0 |a Archie & Friends #117 /  |c powered by Library Pass. 
260 3 |a [United States] :  |b Archie Comics,  |c 2014. 
300 |a 1 online resource. 
336 |a text  |b txt  |2 rdacontent 
337 |a computer  |b c  |2 rdamedia 
338 |a online resource  |b cr  |2 rdacarrier 
520 |a "Archie World Tour," Part 1 of 4: Double-A Seven. When Archie and friends embark on a whirlwind world tour, their first stop is London, where they soon find themselves embroiled in an international spy mystery! This is the first Archie Comics story by acclaimed writer and children's art advocate Alex Simmons. In a career spanning 20 years, Alex has written juvenile mystery novels, stage plays, documentaries, biographies and more. Additionally, he travels the country as a guest speaker and a teaching artist conducting creative writing workshops, and is also the Educational Outreach Director for New York City's Museum of Comic and Cartoon Art. In the midst of all this, he somehow finds the time to be a voice-over artist for commercials and podcasts, AND runs a family-friendly kids comics convention each year!  
521 |a 2 
538 |a Requires a valid library card and registration for new users. 
538 |a Mode of access: World Wide Web. 
538 |a System requirements: Flash 10.1 or higher, Windows XP and higher, Internet Explorer 7 and higher, Firefox 3.6 and higher, Google Chrome; Max OS 10.5 and higher, Safari 4 and higher. 
650 0 |a Humor 
655 7 |a Electronic books.  |2 local 
655 7 |a Humor  |2 gsafd 
650 0 |a Romance comic books, strips, etc. 
655 7 |a Romance comic books, strips, etc.  |2 gsafd 
700 1 |a Simmons, Alex.  |e writer. 
700 1 |a Lindsey, Ron.  |e artist. 
710 2 |a Library Pass, LLC. 
856 4 0 |u http://proxy.library.tamu.edu/login?url=https://tamu.librarypass.com/product/com.iversecomics.archie.comics.archie.friends.one.hundred.seventeen.english.06162014  |z Connect to this electronic book (First time users create your free account)  |t 0 
955 |a Comics Plus. 
999 f f |s c9fde54d-14bf-4211-aa55-a52c2ab0423d  |i 97d5d06c-9c9a-4c18-8c26-cf6a75d941e6  |t 0 
952 f f |a Texas A&M University  |b College Station  |c Electronic Resources  |d Available Online  |t 0  |h Library of Congress classification 
998 f f |t 0  |l Available Online